Aircraft ban's science
| Main Author: | |
|---|---|
| Other Authors: | |
| Format: | Book |
| Published: |
New York :
Gleacoe ,
1993
|
| Edition: | 7th.ed |
| Subjects: |
MARC
| LEADER | 00000cam a2200000 7i4500 | ||
|---|---|---|---|
| 001 | 0000004391 | ||
| 002 | 000004719 | ||
| 005 | 20000330.0 | ||
| 020 | |a 0028018141 | ||
| 090 | 0 | 0 | |a 629.13 |b KRO |
| 100 | 1 | |a Kroes, Michael J | |
| 245 | 1 | 0 | |a Aircraft ban's science |c Michael J.Kroes and James R.Rardon |
| 250 | |a 7th.ed | ||
| 260 | |a New York : |b Gleacoe , |c 1993 | ||
| 300 | |a 414p. ; |c 28cm. | ||
| 650 | 0 | 0 | |a Airplanes |x Design and construction |
| 700 | 1 | |a Rardon, Jamos R | |
| 999 | |a 032892 |b BUKU |c RUJUKAN |e PERPUSTAKAAN KOMUNITI PETALING JAYA | ||